| 000 | 00512nam a2200157Ia 4500 | ||
|---|---|---|---|
| 008 | 090711s9999 xx 000 0 und d | ||
| 082 | _b19302 | ||
| 100 | _aबनारसे वि. ब. | ||
| 245 | _aअधटितिSा घडले सारे | ||
| 300 | _a151 | ||
| 600 | _aबनारसे वि. ब. | ||
| 630 | _aअधटितिSा घडले सारे | ||
| 700 | _aबनारसे वि. ब. | ||
| 730 | _aअधटितिSा घडले सारे | ||
| 942 | _cBOOK | ||
| 999 |
_c297044 _d297044 |
||